|
|
|
|
| LEADER |
00936nam a2200253 i 4500 |
| 001 |
c000239807 |
| 003 |
CARM |
| 005 |
00000000000000.0 |
| 008 |
840305s1919 enkab b 000 0deng d |
| 019 |
1 |
|
|a 41554946
|5 LACONCORD2021
|
| 035 |
|
|
|a (OCoLC)6317927
|5 LACONCORD2021
|
| 043 |
|
|
|a a-ii---
|
| 045 |
|
|
|a w0x1
|
| 082 |
0 |
4 |
|a 332.10954
|
| 100 |
1 |
|
|a Shirras, G. Findlay
|q (George Findlay),
|d b. 1885.
|
| 245 |
1 |
0 |
|a Indian finance and banking /
|c by G. Findlay Shirras.
|
| 260 |
|
|
|a London [Eng.] :
|b Macmillan,
|c 1919.
|
| 300 |
|
|
|a xii, 497p. :
|b ill. 1 map.
|
| 504 |
|
|
|a Includes bibliographical references and index.
|
| 650 |
|
0 |
|a Currency question
|z India.
|
| 650 |
|
0 |
|a Banks and banking
|z India.
|
| 852 |
8 |
|
|b CARM
|h A2:AR19A0
|i B07120
|p 0361238
|f BK
|
| 999 |
f |
f |
|i 4eb7e0be-41f6-51ae-9b75-c4a6bb71a0cd
|s 4ed0fa20-c77c-5bfc-89fa-d2294eb2d91a
|
| 952 |
f |
f |
|p Can circulate
|a CAVAL
|b CAVAL
|c CAVAL
|d CARM 1 Store
|e B07120
|f A2:AR19A0
|h Other scheme
|i book
|m 0361238
|